Život krajší od vysnívaného- s prírodou na nebeskej hladine ako nadprirodzené stretnutie s murárikom červenokrídlym "naformátovalo" môj profesijný i súkromný život-

Bibliographic Details
Main Author: Saniga, Miroslav, 1964- (Author)
Format: Book
Language:Slovak
PhysicalDescription:44 s. ilustr. 21 cm
Published: [Liptovské Revúce Miroslav Saniga] 2014
ISBN:9788097160333 (brož.)
Subjects:

MARC

LEADER 00000cam a2200000 a 4500
001 vtls010594726
003 SK-MaSNL
005 20260301133746.0
008 160429s2014 xo a g 000 e slo
015 |a SNBA2014/08 
020 |a 9788097160333 (brož.) 
035 |a 1869E295-84AD-4E2B-8BDC-921CEFB54ADB 
035 |a urn:nbn:sk:snk-amkchr 
035 |a urn:nbn:sk:snk-am003dm8 
040 |a SNK  |b slo  |c SNK  |e AACR2 
041 0 |a slo 
044 |a xo  |c SK 
072 7 |a 502  |x Životné prostredie a jeho ochrana  |2 konspekt 
080 |a 502.1  |2 2001 
080 |a 57.081.1:27  |2 2001 
080 |a 598.28/.29  |2 2001 
080 |a (0:82-4)  |2 2001 
100 1 |a Saniga, Miroslav,  |d 1964-  |4 aut  |9 103655 
245 1 0 |a Život krajší od vysnívaného- s prírodou na nebeskej hladine  |b ako nadprirodzené stretnutie s murárikom červenokrídlym "naformátovalo" môj profesijný i súkromný život-  |c Miroslav Saniga 
260 |a [Liptovské Revúce  |b Miroslav Saniga]  |c 2014 
300 |a 44 s.  |b ilustr.  |c 21 cm 
500 |a Vydav. údaje podľa ISBN 
650 0 7 |a človek a príroda  |2 SNKPH  |9 68364 
650 0 7 |a pozorovanie prírody  |2 SNKPH  |9 3812 
650 0 7 |a murárik červenokrídly  |2 SNKPH  |9 105243 
650 0 7 |a Man and nature  |2 SNKPHeng  |9 306213 
650 0 7 |a Nature observation  |2 SNKPHeng  |9 369684 
650 0 7 |a Wallcreeper  |2 SNKPHeng  |9 486680 
655 7 |a úvahy  |2 SNKPH  |9 29403 
655 7 |a Essays  |2 SNKPHeng  |9 267540 
852 |a Štátna vedecká knižnica v Banskej Bystrici 
919 |a 978-80-971603-3-3 
999 |c 754652  |d 756582 
952 |a SNK  |b SNK  |y PREZ  |7 0  |p 17A1112544  |o snkSC 160052  |i snk2014/14302  |8 0  |0 0  |1 0  |4 0  |d 2014-06-23  |f 1  |l 0  |r 2025-08-22 00:00:00  |w 2026-02-23 
952 |a SNK  |b SNK  |y VYP  |7 0  |p 17A1112543  |o snkSC 160052 D1  |i snk2014/14303  |8 0  |0 0  |1 0  |4 0  |d 2014-06-23  |l 0  |r 2026-02-23 23:45:13  |w 2026-02-23